01179cam a2200349 i 450000100090000000300050000900500170001400800410003101000170007202000430008902000150013203800110014704000280015804200080018605000220019408200190021610000290023524500830026426400380034730000460038533600210043133700250045233800230047750000200050056300090052063000350052965000540056490600450061894200120066399900190067595201350069418516296NUST20220301144311.0150305s2015 nyua b 001 0 eng  a 2015004174 a9780134086781 (hardcover : alk. paper) z0134086783 awaseem aDLCbengcDLCerdadDLC apcc00aTK7876b.Y46 201500a621.38132bYEO1 aYeom, Kyung-Whan.99008310aMicrowave circuit design :ba practical approach using ADS /cKyung-Whan Yeom. 1aNew York :bPrentice Hall,c2015. axvii, 780 pages :billustrations ;c27 cm atext2rdacontent aunmediated2rdamedia avolume2rdacarrier aIncludes index. aHBK.00aAdvanced design system.990084 0aMicrowave circuitsxComputer-aided design.990085 a7bcbccorignewd1eecipf20gy-gencatlg 2ddccBK c588487d588487 00102ddc4070aCLbCLcEEd2022-03-01eProgressive International Agencies l0o621.38132 YEOpCL-980r2022-03-01w2022-03-01yBK